000 00925cab a2200265 4500
001 ABS50666
008 090401t1994 xxu||||| |||| 00| 0 eng d
035 _a(Sirsi) u77010
041 _aeng
100 _aChapallez, N.
245 _aDomesday 2000: towards a national land information system
260 _c1994
350 _a0
490 _aCSM (Chartered Surveyor Monthly)
_v8(3) May 1994, 32-33(2)
520 _aOutlines work so far on the Domesday 2000 project: the conduct of market-potential surveys; the undertaking of technical and legal research; and the construction of a NLIS demonstration system.
650 _aDOMESDAY 2000
650 _aGIS
650 _aINFORMATION SYSTEMS
650 _aNATIONAL LAND INFORMATION SERVICE
690 _aMANAGEMENT-BUSINESS MANAGEMENT-INFORMATION MANAGEMENT
690 _aMAPPING AND MEASUREMENT
700 _aRalphs, M.
942 _n0
948 _c04/03/1997
999 _c48388
_d48388